00681nam a2200241 a 4500001001300000003000900013005001700022008004100039020000900080082001300089100002500102245002800127260004200155300000900197500003500206505001800241650001300259700002500272902000800297942000700305952011200312999001500424nice12345678IN_TiNIC20260116012254.0050524s1985 graa grp 000 0 eng  ac5000a230bRID aRidder, Rochard R De aDiscipling the Nations. aGrand RapidsbBaker Book House c1985 a253p aincludes index and biblioraphy2 aGeneral Index aTheology1 aRidder, Rochard R De bSRS cBK 001040708StackRoom-aHMIbHMId2007-06-12g50.00l0o230 RIDp012374r2007-06-12v50.00w2005-05-24yBK c6338d6338